Statistics for Countries with the Most Railways (or Longest)

Click here to take the quiz!

General Stats

  • This quiz has been taken 48 times
  • The average score is 20 of 23

Answer Stats

Total KMCountry% Correct
77,932Canada
100%
87,157Russia
100%
150,000China
98%
293,564United States
98%
36,966Argentina
96%
29,850Brazil
96%
29,640France
96%
40,625Germany
96%
68,525India
96%
23,389Mexico
96%
16,837United Kingdom
96%
33,361Australia
94%
16,355Spain
94%
20,182Italy
91%
27,311Japan
91%
19,954Poland
91%
12,740Turkey
89%
21,733Ukraine
83%
16,998Iran
81%
20,986South Africa
81%
14,127Sweden
79%
16,614Kazakhstan
74%
11,025Myanmar
30%

Score Distribution

Percentile by Number Answered

Percent of People with Each Score

Your Score History

You have not taken this quiz